000 00554nam a22001817a 4500
005 20170517112218.0
010 _aENG-118190
020 _a9789384275242
_c995.00
035 _aEN-101722
037 _bDBAD/PUB
082 _a338.9545
100 _aPurohit, Ashok
245 _aEconomic development and planning in north east india /
_cAshok Purohit
260 _aIndia
_bNE BOOKS AND PUBLISHERS
_c2017
270 _aNational Highway Silchar- 788005 Assam, India
300 _a210p.
_c23cm. (Hb)
942 _2ddc
_cEN
_h338.9545
_mPUR
999 _c139991
_d139991